Top 200 baby girl names in the 2010s - USA - Statistics

General Stats
  • This quiz has been taken 143 times
  • The average score is 118 of 200
Answer Stats
Answer % Correct
182 E Eliza
95%
39 A Anna
94%
1 E Emma
94%
2 O Olivia
94%
11 E Elizabeth
92%
18 S Sofia
92%
3 S Sophia
92%
14 E Ella
90%
8 E Emily
89%
142 I Isabel
89%
4 I Isabella
88%
200 I Izabella
88%
127 M Mary
88%
152 S Sara
88%
46 S Sarah
88%
21 V Victoria
88%
105 I Isabelle
87%
27 H Hannah
86%
134 L Lilly
86%
22 L Lily
86%
99 M Maria
86%
19 G Grace
84%
6 M Mia
84%
5 A Ava
83%
139 I Isla
83%
10 M Madison
83%
12 A Amelia
82%
131 E Emilia
82%
54 L Lucy
82%
148 R Rachel
82%
36 A Aria
81%
9 C Charlotte
81%
52 E Ellie
81%
13 E Evelyn
81%
84 K Katherine
81%
23 N Natalie
81%
31 Z Zoe
81%
161 A Amy
80%
56 A Arianna
80%
187 C Catherine
80%
79 S Sophie
80%
7 A Abigail
78%
101 L Lauren
78%
169 A Adalyn
77%
154 A Adalynn
77%
55 A Alexa
76%
15 C Chloe
76%
86 K Khloe
76%
33 S Samantha
76%
40 A Allison
75%
42 H Hailey
75%
51 N Nora
75%
181 N Norah
75%
57 V Violet
75%
58 A Ariana
73%
63 C Caroline
73%
78 J Julia
73%
183 R Rose
73%
96 A Alice
72%
17 A Avery
71%
175 J Jessica
71%
92 M Madeline
71%
66 M Madelyn
71%
20 A Addison
70%
95 A Alexandra
70%
44 P Penelope
70%
119 C Clara
69%
81 E Eva
69%
16 H Harper
69%
26 L Lillian
69%
43 C Claire
67%
135 I Ivy
67%
34 R Riley
67%
104 R Rylee
67%
178 R Ryleigh
67%
73 A Ashley
66%
61 E Eleanor
66%
145 N Nicole
66%
184 R Rebecca
66%
60 A Alexis
65%
74 B Brianna
65%
128 M Molly
65%
168 V Valerie
65%
38 A Audrey
64%
83 L Luna
64%
158 M Margaret
64%
144 M Mya
64%
115 Q Quinn
64%
69 T Taylor
64%
53 B Bella
63%
41 G Gabriella
63%
172 K Kaitlyn
63%
192 K Katelyn
63%
164 L Laila
63%
165 V Vanessa
63%
70 A Alyssa
61%
91 A Aubree
61%
82 G Gianna
61%
112 N Natalia
61%
87 R Ruby
61%
114 V Vivian
61%
97 K Kayla
60%
24 A Aubrey
59%
133 B Brooke
59%
171 G Gabrielle
59%
121 J Jade
59%
49 S Stella
59%
98 J Jasmine
58%
35 L Leah
58%
80 M Mackenzie
58%
62 M Maya
58%
163 M Mckenzie
58%
76 N Naomi
58%
118 W Willow
58%
167 G Gracie
57%
138 L Lyla
57%
50 M Mila
57%
136 A Adeline
55%
176 A Adriana
55%
100 A Annabelle
55%
93 A Aurora
55%
29 B Brooklyn
55%
170 B Brooklynn
55%
179 D Daisy
55%
94 F Faith
55%
37 S Savannah
55%
77 K Kylie
54%
153 A Angelina
53%
28 L Layla
53%
90 L Lydia
53%
137 P Payton
53%
64 P Peyton
53%
113 K Kimberly
52%
75 S Sadie
52%
30 S Scarlett
52%
141 P Paige
51%
71 A Autumn
49%
106 B Bailey
49%
85 H Hazel
49%
25 Z Zoey
49%
117 A Andrea
48%
48 K Kaylee
48%
155 K Kendall
48%
89 M Melanie
48%
185 M Michelle
48%
189 S Summer
48%
110 C Cora
47%
132 J Josephine
47%
72 P Paisley
47%
122 L Liliana
46%
140 J Jordyn
45%
111 M Morgan
45%
32 C Camila
43%
103 E Elena
43%
160 M Melody
43%
180 N Nova
43%
88 P Piper
43%
108 S Sydney
43%
196 A Alana
42%
162 E Eden
42%
174 E Elise
42%
198 J Julianna
42%
190 L Lila
42%
157 A Aliyah
41%
166 A Ariel
41%
47 N Nevaeh
40%
116 V Valentina
40%
107 E Eliana
39%
68 K Kennedy
39%
102 R Reagan
39%
193 D Daniela
37%
109 M Makayla
37%
146 V Valeria
37%
65 S Skylar
36%
147 D Destiny
33%
123 J Jocelyn
33%
126 B Brielle
31%
151 E Everly
31%
159 J Juliana
31%
173 A Athena
30%
59 G Genesis
29%
129 H Hadley
28%
124 T Trinity
28%
130 D Delilah
27%
143 M Mariah
27%
67 S Serenity
27%
149 X Ximena
23%
195 A Amaya
22%
199 C Cecilia
22%
156 R Reese
22%
191 J Jayla
19%
194 H Harmony
18%
177 L Leilani
18%
188 L Londyn
18%
186 A Alaina
17%
125 K Kinsley
17%
120 L London
17%
197 E Emerson
14%
150 E Emery
13%
45 A Aaliyah
10%
No matching quizzes found
Score Distribution
Percent of People with Each Score
Percentile by Number Answered
Your Score History
You have not taken this quiz